| 000 | 00623nam a2200205 a 4500 | ||
|---|---|---|---|
| 005 | 20140310183341.0 | ||
| 008 | 070109s19uu xx 00 eng d | ||
| 020 | _a15811153635 | ||
| 050 |
_aNC 1001.6 _b.P577 2004 |
||
| 100 | _aPiscopo, Maria. | ||
| 245 |
_aThe grahic designer's and illustrator's guide to marketing and promotion / _cMaria Piscopo. |
||
| 260 |
_aNew York : _bAllworth Press, _c2004. |
||
| 300 |
_a211 p. : _bill. ; _c23 cm. |
||
| 521 | _aMA | ||
| 650 |
_aGraphic arts _xMarketing. |
||
| 650 |
_aDesign services _xMarketing. |
||
| 650 | _aSales promotion. | ||
| 942 |
_cBK _2lcc _kFOR |
||
| 999 |
_c21819 _d21819 |
||